<?xml version="1.0" encoding="UTF-8"?>
<record
    xmlns:xsi="http://www.w3.org/2001/XMLSchema-instance"
    xsi:schemaLocation="http://www.loc.gov/MARC21/slim http://www.loc.gov/standards/marcxml/schema/MARC21slim.xsd"
    xmlns="http://www.loc.gov/MARC21/slim">

  <leader>01299nam a22002415i 4500</leader>
  <controlfield tag="001">157351</controlfield>
  <controlfield tag="003">ES-MaACL</controlfield>
  <controlfield tag="005">20250627063650.0</controlfield>
  <controlfield tag="008">040915s1783    fr abc       |||| | fre d</controlfield>
  <datafield tag="040" ind1=" " ind2=" ">
    <subfield code="a">CAM </subfield>
    <subfield code="b">spa </subfield>
    <subfield code="c">CAM</subfield>
  </datafield>
  <datafield tag="100" ind1="1" ind2=" ">
    <subfield code="a">Le Clerc, Nicolas-Gabriel, </subfield>
    <subfield code="d">1726-1798</subfield>
    <subfield code="9">70856</subfield>
  </datafield>
  <datafield tag="245" ind1="1" ind2="0">
    <subfield code="a">Histoire physique, morale, civile et politique de la Russie moderne / </subfield>
    <subfield code="c">par M. Le Clerc... ; tome premier.</subfield>
  </datafield>
  <datafield tag="260" ind1=" " ind2=" ">
    <subfield code="a">A Paris : </subfield>
    <subfield code="b">chez Froull&#xE9;, libraire... ; </subfield>
    <subfield code="a">A Versailles : </subfield>
    <subfield code="b">chez Blaizot, libraire..., </subfield>
    <subfield code="c">1783 (</subfield>
    <subfield code="f">De l'imprimerie de Clousier)</subfield>
  </datafield>
  <datafield tag="300" ind1=" " ind2=" ">
    <subfield code="a">[4], 536, [2] p., [1] h. en bl.,  [10] h. pleg., [2] h. maps. pleg., [1] h. de grab. ; </subfield>
    <subfield code="c">4&#xBA;.</subfield>
  </datafield>
  <datafield tag="596" ind1=" " ind2=" ">
    <subfield code="a">Dato de impresor consta en colof&#xF3;n.</subfield>
  </datafield>
  <datafield tag="597" ind1=" " ind2=" ">
    <subfield code="a">Sign.: []\p2\s, A-2Z\p4\s, 3A-3V\p4\s, 3X\p6\s.</subfield>
  </datafield>
  <datafield tag="597" ind1=" " ind2=" ">
    <subfield code="a">Antep.</subfield>
  </datafield>
  <datafield tag="599" ind1=" " ind2=" ">
    <subfield code="a">Las h. de map. pleg. calc.: "Dessin&#xE9; par Clermont, grav&#xE9; par P. Tardieu", Imperio ruso ; "Destruction de la Flotte ottomanne dans le Port de Tzeme par l'Escadre russe, sous les ordres de le Comte Orlof, la nuit du 7 juillet 1770"</subfield>
  </datafield>
  <datafield tag="599" ind1=" " ind2=" ">
    <subfield code="a">La h. de grab. calc., retrato de Catalina \RII\R : "Dessin&#xE9; par Chevalier et Marillier, grav&#xE9; par Pauquet"</subfield>
  </datafield>
  <datafield tag="651" ind1=" " ind2="4">
    <subfield code="a">Rusia-</subfield>
    <subfield code="x">Historia.</subfield>
    <subfield code="9">9330</subfield>
  </datafield>
  <datafield tag="852" ind1=" " ind2=" ">
    <subfield code="a">ES-MaACL</subfield>
    <subfield code="j">R-3446 </subfield>
    <subfield code="z">-- Enc. pasta espa&#xF1;ola</subfield>
  </datafield>
  <datafield tag="999" ind1=" " ind2=" ">
    <subfield code="c">157351</subfield>
    <subfield code="d">157351</subfield>
  </datafield>
  <datafield tag="952" ind1=" " ind2=" ">
    <subfield code="0">0</subfield>
    <subfield code="1">0</subfield>
    <subfield code="4">0</subfield>
    <subfield code="7">0</subfield>
    <subfield code="8">LIBXVIII</subfield>
    <subfield code="a">ATENEOM</subfield>
    <subfield code="b">ATENEOM</subfield>
    <subfield code="c">DEPO</subfield>
    <subfield code="d">2008-01-17</subfield>
    <subfield code="l">0</subfield>
    <subfield code="o">R-3446</subfield>
    <subfield code="p">1164667</subfield>
    <subfield code="r">2023-02-23 00:00:00</subfield>
    <subfield code="w">2023-02-23</subfield>
    <subfield code="y">MONANT</subfield>
  </datafield>
</record>
